Denominaciones de origen e indicaciones geogrf̀icas en la Unin̤ Europea Cinco lustros de luces y sombras /

Detalles Bibliográficos
Autor principal: Martn̕ez Gutiřrez, ℓngel
Formato: eBook
Lenguaje:español
Publicado: Madrid: Marcial Pons, 2018
Materias:
Acceso en línea:Acceso restringido

MARC

LEADER 00000nam a22000007a 4500
005 2022032201531.0
007 cr|||| ||||
008 220322s2018 eu |||||s|||| 00||0 spa d
020 |a 978-84-9123-706-8 
035 |a 33634 
040 |a vLex 
090 |c 13073  |d 13073 
100 1 |a Martn̕ez Gutiřrez, ℓngel 
245 1 0 |a Denominaciones de origen e indicaciones geogrf̀icas en la Unin̤ Europea  |h [Recurso electrn̤ico] :  |b Cinco lustros de luces y sombras /  |c ℓngel Martn̕ez Gutiřrez 
256 |a Servicio en ln̕ea 
260 |a Madrid:  |b Marcial Pons,  |c 2018 
300 |a 1 recurso electrn̤ico 
500 |a En 2017 se cumplieron veinticinco aǫs de la aprobacin̤ en la Unin̤ Europea de una tutela especf̕ica para las figuras de calidad ancladas al territorio aplicables a la prc̀tica totalidad de los productos agroalimentarios. Aunque la preocupacin̤ del legislador comunitario por esta materia, limitada eso s ̕al m̀bito vitivinc̕ola, se retrotrae a una etapa anterior coincidente con los albores de la Unin̤ Europea, ha sido a partir de 1992 cuando se inici ̤un proceso de extensin̤ productiva y armonizacin̤ comunitaria que ha llegado hasta nuestros da̕s. Se justifica as ̕que, con ocasin̤ de esta efemřide, la monografa̕ aborde el estudio de los dos principales instrumentos normativos comunitarios actualmente vigentes en la Unin̤ Europea, atendiendo a las aportaciones de la doctrina cientf̕ica, as ̕como a las decisiones administrativas y judiciales adoptadas dentro y fuera de Espaą. As ̕pues, adems̀ de examinar los preceptos del Reglamento (UE) nm︢. 1308/2013 que han sido dedicados a los tt̕ulos de calidad vitivinc̕olas, analiza tambiň el contenido del Reglamento (UE) nm︢. 1151/2012, que los regula de forma horizontal para todos los productos agroalimentarios, a excepcin̤ de las bebidas espirituosas y los productos vitivinc̕olas aromatizados, cuyas indicaciones geogrf̀icas encuentran su regulacin̤ en sendos regm̕enes jurd̕icos especf̕icos que resultan tributarios de la normativa horizontal [Reglamento (CE) nm︢. 110/2008 y Reglamento (UE) nm︢. 251/2014]. 
506 1 |a Disponible solo en los productos indicados  |d vLex Global  |d vLex Global (Academic Edition, excluding Law Schools)  |d vLex Global (U.S. Academic Edition, Law Schools)  |d vLex Global (U.S. Academic Edition, excluding Law Schools)  |d vLex Global (Academic Edition, Law Schools) 
650 0 4 |a Propiedad Industrial  |z Espaą 
650 0 4 |a Derecho de la Competencia  |z Espaą 
650 0 4 |a Actividad Administrativa  |z Espaą 
650 0 4 |a Sanidad  |z Espaą 
650 0 4 |a Alimentacin̤  |z Espaą 
650 0 4 |a Consumo  |z Espaą 
650 0 4 |a Derecho Comunitario  |z Espaą 
650 0 4 |a Agricultura y Ganadera̕  |z Espaą 
650 0 4 |a Pesca  |z Espaą 
740 0 |a vLex Libros (Servicio en ln̕ea) 
856 4 0 |u https://app.vlex.com/#/sources/33634  |z Acceso restringido 
942 |c BOOK 
999 0 |a Industrial Property 
999 0 |a Competition Law 
999 0 |a Administrative Activity 
999 0 |a Health 
999 0 |a Food 
999 0 |a Consumption 
999 0 |a Community Law 
999 0 |a Agriculture and Livestock 
999 0 |a Fishing